000 00767cab a2200241 4500
001 WB3425-26
008 090401t1998 xxu||||| |||| 00| 0 eng d
035 _a(Sirsi) u87120
041 _aeng
245 _aSea erosion defences
260 _c1998
350 _a0
490 _aFinancial Times
_v27-28 June 1998, 6(1)
520 _aThe government has decided to create natural defences against sea erosion such as shingle beaches and salt marshes, rather than try and hold back the sea`s advance by rebuilding sea walls.
650 _aCOASTAL DEFENCES
650 _aCOASTAL EROSION
650 _aGOVERNMENT POLICY
650 _aSEA DEFENCES
650 _aSEA WALLS
690 _aENVIRONMENTAL AND LAND CONSULTANCY
942 _n0
948 _c01/07/1998
999 _c54910
_d54910